A man called Mr. Pentecost. (Record no. 14197)

000 -LEADER
fixed length control field 00659nam a2200205 a 4500
001 - CONTROL NUMBER
control field :::00012022$&:&@@
003 - CONTROL NUMBER IDENTIFIER
control field OkBaRHE
005 - DATE AND TIME OF LATEST TRANSACTION
control field 20110319160117.0
008 - FIXED-LENGTH DATA ELEMENTS--GENERAL INFORMATION
fixed length control field s1977 g 000 0 eng u
020 ## - INTERNATIONAL STANDARD BOOK NUMBER
International Standard Book Number 0882701843
040 ## - CATALOGING SOURCE
Transcribing agency
100 1# - MAIN ENTRY--PERSONAL NAME
Personal name DuPlessis, David.
9 (RLIN) 854
245 12 - TITLE STATEMENT
Title A man called Mr. Pentecost.
260 ## - PUBLICATION, DISTRIBUTION, ETC. (IMPRINT)
Place of publication, distribution, etc Plainfield, NJ., :
Name of publisher, distributor, etc Logos International
Date of publication, distribution, etc 1977
300 ## - PHYSICAL DESCRIPTION
Extent 247 p. ;
Dimensions 21 cm.
650 ## - SUBJECT ADDED ENTRY--TOPICAL TERM
Topical term or geographic name as entry element Biographies
9 (RLIN) 855
650 ## - SUBJECT ADDED ENTRY--TOPICAL TERM
Topical term or geographic name as entry element Pentecostalism
9 (RLIN) 840
942 ## - ADDED ENTRY ELEMENTS (KOHA)
Source of classification or shelving scheme
Koha item type Books
Copies
Koha item type Total Checkouts Date last seen Not for loan Current Location Lost status Full call number Date acquired Source of classification or shelving scheme Copy number Date checked out Damaged status Barcode Permanent Location Price effective from Shelving location Withdrawn status
Books12011-03-19 RHEMA Bible Training College BX 8764 .Z8 D832010-04-14 12011-03-11 12022RHEMA Bible Training College2010-04-14General Stacks